00409 2200169 4500245004300000020002200043250000900065100002200074700001600096650001400112005001900126260003900145041001400184084001100198300002100209336000900230 aMemberi RuangcKurniawan GunandihText a978-602-291-920-9 a2022 aKurniawan Gunandi aEka Saputra aPsikologi a20240906111415 aYogyakartabPenerbit Bentangc2022 aIndonesia a155.25 a156 hlm :c22 cm atext